000 00574nam a2200193 a 4500
001 3798
005 20140414131910.0
008 061013s19uu xx 00 eng d
020 _a0-307-01088-0
050 _aER
_bD33 1988
100 _aMaifair, Linda Lee
245 _aThe day snuffy had the sniffles. /
_cby Linda Lee Maifair ; illustrated by Tom Brannon.
260 _aU. S. A :
_bA Sesame Stree/Golden Press Book,
_c1988.
300 _ap. ; cm.
440 _aCTW/Sesame Street
650 _aSickness
_xfiction.
650 _aChildren stories.
999 _c111180
_d111180